Normal view MARC view
  • Johar ,Ahmed Husnain

Entry Personal Name

Number of records used in: 1

001 - CONTROL NUMBER

  • control field: 122309

003 - CONTROL NUMBER IDENTIFIER

  • control field: NUST

005 - DATE AND TIME OF LATEST TRANSACTION

  • control field: 20240415121112.0

008 - FIXED-LENGTH DATA ELEMENTS

  • fixed length control field: 240415|| aca||aabn | a|a d

040 ## - CATALOGING SOURCE

  • Original cataloging agency: NUST
  • Transcribing agency: NUST

100 ## - HEADING--PERSONAL NAME

  • Personal name: Johar ,Ahmed Husnain

670 ## - SOURCE DATA FOUND

  • Source citation: Work cat.: (NUST): Johar ,Ahmed Husnain, Maritime Accident Analysis and AI based HCD IoOT Larch for Operator Vigilance and Cognition /
© 2023 Central Library, National University of Sciences and Technology. All Rights Reserved.